[Event "6. Torneo IRT Móstoles 2013"]
[Site "Madrid ESP"]
[Date "2013.07.20"]
[Round "5.7"]
[White "Vega Gomez, Francisco B"]
[Black "Cabanas Bravo, Juan Andres"]
[Result "0-1"]
[WhiteElo "2248"]
[BlackElo "2091"]
[PlyCount "118"]
[EventDate "2013.07.16"]
[EventType "swiss"]
[EventRounds "9"]
[EventCountry "ESP"]
[Source "lmi"]
[SourceDate "2013.07.15"]

1. e4 e5 2. Nf3 Nc6 3. Bc4 Bc5 4. c3 Nf6 5. d4 exd4 6. cxd4 Bb4+ 7. Nc3 Nxe4 8.
O-O Bxc3 9. d5 Bf6 10. Re1 Ne7 11. Rxe4 d6 12. Bg5 Bxg5 13. Nxg5 h6 14. Qe2
hxg5 15. Re1 Be6 16. Re3 Kf8 17. dxe6 f6 18. Rh3 Rxh3 19. gxh3 g6 20. Qf3 Kg7
21. Qxb7 Qc8 22. Qb5 c6 23. Qa5 Qb7 24. Re3 Qb6 25. Qa3 Qd4 26. Qb4 Rd8 27. Rd3
Qb6 28. Qa3 Qc7 29. b4 d5 30. Bb3 Rd6 31. Qc1 Qb6 32. Qe1 Kf8 33. Bd1 Qa6 34.
Rf3 Kg7 35. Qe3 Qxa2 36. Qc5 Rxe6 37. Re3 Rxe3 38. fxe3 Kf7 39. Bf3 Qc4 40. Qd6
Qc3 41. Kf2 Qb2+ 42. Kg1 Qa3 43. Kf2 a5 44. Bg4 f5 45. Be2 Qxb4 46. Qd8 a4 47.
h4 Qxh4+ 48. Kg2 a3 49. Qa5 g4 50. Qxa3 Qh3+ 51. Kg1 f4 52. Qd6 Qxe3+ 53. Kf1
g3 54. Kg2 Qf2+ 55. Kh3 Qxh2+ 56. Kg4 Qxe2+ 57. Kxf4 Qe4+ 58. Kg5 Qf5+ 59. Kh6
Qh5# 0-1

[Event "6. Torneo IRT Móstoles 2013"]
[Site "Madrid ESP"]
[Date "2013.07.20"]
[Round "5.8"]
[White "Perez Cameselle, Francisco"]
[Black "Sanchez Naranjo, Jose Manuel"]
[Result "1/2-1/2"]
[WhiteElo "1865"]
[BlackElo "2110"]
[PlyCount "92"]
[EventDate "2013.07.16"]
[EventType "swiss"]
[EventRounds "9"]
[EventCountry "ESP"]
[Source "lmi"]
[SourceDate "2013.07.15"]

1. e4 c5 2. Nf3 Nc6 3. d4 cxd4 4. Nxd4 Nf6 5. Nc3 e5 6. Ndb5 d6 7. Bg5 a6 8.
Na3 b5 9. Bxf6 gxf6 10. Nd5 Bg7 11. c3 Ne7 12. Nxe7 Qxe7 13. Nc2 f5 14. exf5 d5
15. Qxd5 Bb7 16. Qd2 Rd8 17. Qe3 Qd6 18. Be2 Bh6 19. Qg3 Qd2+ 20. Kf1 f6 21.
Ne3 Qxb2 22. Rd1 Ke7 23. Bf3 Rhg8 24. Qh4 Bxf3 25. gxf3 Rxd1+ 26. Nxd1 Qd2 27.
Qb4+ Kd7 28. Qb1 Kc7 29. Rg1 Rxg1+ 30. Kxg1 Qc1 31. Qxc1 Bxc1 32. Kf1 Kd6 33.
Ke2 Bf4 34. h3 Kc5 35. Kd3 a5 36. Ne3 h5 37. Kc2 Bh2 38. Kd3 Bf4 39. Kc2 Bg5
40. Kd3 Bh4 41. Nd1 b4 42. cxb4+ Kxb4 43. Kc2 Kc4 44. Ne3+ Kd4 45. Nd1 Bg5 46.
Nc3 Bh4 1/2-1/2

[Event "6. Torneo IRT Móstoles 2013"]
[Site "Madrid ESP"]
[Date "2013.07.20"]
[Round "5.9"]
[White "Lopez Gomez, Miguel"]
[Black "Morera Rodriguez, Ignacio"]
[Result "0-1"]
[WhiteElo "2042"]
[BlackElo "1850"]
[PlyCount "56"]
[EventDate "2013.07.16"]
[EventType "swiss"]
[EventRounds "9"]
[EventCountry "ESP"]
[Source "lmi"]
[SourceDate "2013.07.15"]

1. Nf3 Nf6 2. d4 e6 3. e3 d5 4. Bd3 c5 5. b3 Nc6 6. Bb2 Bd6 7. Ne5 Qc7 8. f4
cxd4 9. exd4 Nb4 10. Nc3 Nxd3+ 11. Qxd3 a6 12. O-O O-O 13. Rae1 b5 14. Re3 Bb7
15. Rh3 g6 16. Nd1 Ne4 17. Ng4 f6 18. Bc1 Rac8 19. c3 b4 20. Nh6+ Kh8 21. f5
exf5 22. Nxf5 gxf5 23. Rxf5 Rf7 24. Rfh5 bxc3 25. Qf3 Ng5 26. Bxg5 fxg5 27.
Qxc3 Qxc3 28. Nxc3 Rcc7 0-1

[Event "6. Torneo IRT Móstoles 2013"]
[Site "Madrid ESP"]
[Date "2013.07.20"]
[Round "5.10"]
[White "Fuentes Arjona, Antonio"]
[Black "Lozano Sanchez, Jose Antonio"]
[Result "1-0"]
[WhiteElo "1997"]
[BlackElo "1863"]
[PlyCount "177"]
[EventDate "2013.07.16"]
[EventType "swiss"]
[EventRounds "9"]
[EventCountry "ESP"]
[Source "lmi"]
[SourceDate "2013.07.15"]

1. e4 e5 2. Nf3 Nc6 3. d4 exd4 4. Bc4 d6 5. Nxd4 Nxd4 6. Qxd4 Qf6 7. Qd3 Be6 8.
Nc3 Bxc4 9. Qxc4 c6 10. Be3 Qe6 11. Qa4 Nf6 12. O-O-O Be7 13. Nd5 Bd8 14. Rhe1
O-O 15. Nxf6+ Bxf6 16. Kb1 a5 17. Bf4 Be5 18. Bxe5 Qxe5 19. g3 Rfd8 20. Qd4 Kf8
21. f4 Qxd4 22. Rxd4 b5 23. c3 Rd7 24. Kc2 Ke7 25. e5 d5 26. f5 g6 27. e6 Rd6
28. exf7+ Kxf7 29. fxg6+ hxg6 30. Rh4 Rg8 31. a4 Rf6 32. Re2 bxa4 33. Rxa4 Ra8
34. b4 c5 35. bxa5 Rfa6 36. Re5 Rd8 37. h4 Kf6 38. Rg5 c4 39. Kd2 Re6 40. Ra1
Rde8 41. Rf1+ Kg7 42. Rf2 Rb8 43. Kc2 Rb5 44. Rd2 Rxa5 45. Rgxd5 Ra1 46. Rd7+
Kh6 47. g4 Rea6 48. g5+ Kh5 49. Rh7+ Kg4 50. Rd4+ Kf3 51. Rxc4 R1a2+ 52. Kd3
Ra1 53. Rf7+ Kg3 54. Rf6 Rd1+ 55. Ke2 Raa1 56. Rf3+ Kh2 57. Ke3 Ra5 58. Ke2
Raa1 59. Rg4 Re1+ 60. Kd3 Red1+ 61. Kc2 Rdc1+ 62. Kd2 Rd1+ 63. Ke3 Re1+ 64. Kd4
Ra4+ 65. Kc5 Raa1 66. Kd4 Rad1+ 67. Rd3 Ra1 68. c4 Ra4 69. Rf4 Re8 70. Rf2+ Kg1
71. Rb2 Rd8+ 72. Ke3 Re8+ 73. Kf3 Rf8+ 74. Kg3 Ra1 75. c5 Rc1 76. Rdb3 Kf1 77.
Rb1 Rxb1 78. Rxb1+ Ke2 79. c6 Ke3 80. c7 Ke4 81. Kg4 Ke5 82. h5 gxh5+ 83. Kxh5
Kf5 84. Rb5+ Ke6 85. g6 Kf6 86. Rb6+ Kg7 87. Kg5 Kg8 88. Kh6 Kh8 89. Rd6 1-0

[Event "6. Torneo IRT Móstoles 2013"]
[Site "Madrid ESP"]
[Date "2013.07.21"]
[Round "6.1"]
[White "Renteria, Jorge"]
[Black "Almagro Llamas, Pablo"]
[Result "0-1"]
[WhiteElo "2321"]
[BlackElo "2473"]
[PlyCount "80"]
[EventDate "2013.07.16"]
[EventType "swiss"]
[EventRounds "9"]
[EventCountry "ESP"]
[Source "lmi"]
[SourceDate "2013.07.15"]

1. e4 c6 2. d4 d5 3. e5 Bf5 4. h4 a6 5. g4 Bd7 6. Nd2 Nh6 7. g5 Nf5 8. Nb3 e6
9. Bd3 Qc7 10. Bxf5 exf5 11. Ne2 c5 12. Bf4 Be6 13. Nxc5 Bxc5 14. dxc5 Qxc5 15.
Qd2 Nc6 16. Be3 d4 17. Nxd4 Qd5 18. Nxe6 Qxe6 19. Qd6 Qc4 20. Qc5 Qg4 21. Rd1
Rc8 22. c3 f4 23. Bc1 h6 24. gxh6 Rxh6 25. f3 Qxf3 26. Rf1 Qe4+ 27. Kf2 Rxh4
28. Qd5 Qxd5 29. Rxd5 Rd8 30. Rxd8+ Nxd8 31. Rd1 Ne6 32. b3 g5 33. Kf3 Rh3+ 34.
Kg4 Rg3+ 35. Kf5 f3 36. Be3 g4 37. Ke4 Rg2 38. Rg1 Ng5+ 39. Kf5 Rxg1 40. Bxg1
g3 0-1

[Event "6. Torneo IRT Móstoles 2013"]
[Site "Madrid ESP"]
[Date "2013.07.21"]
[Round "6.2"]
[White "Arribas Lopez, Angel"]
[Black "De La Fuente Gonzalez, Francis"]
[Result "1/2-1/2"]
[WhiteElo "2494"]
[BlackElo "2197"]
[PlyCount "92"]
[EventDate "2013.07.16"]
[EventType "swiss"]
[EventRounds "9"]
[EventCountry "ESP"]
[Source "lmi"]
[SourceDate "2013.07.15"]

1. d4 d5 2. Nf3 Nf6 3. c4 c6 4. e3 a6 5. b3 Bg4 6. h3 Bxf3 7. Qxf3 e6 8. Nd2
Nbd7 9. Be2 Bd6 10. O-O O-O 11. e4 dxe4 12. Nxe4 Nxe4 13. Qxe4 Nf6 14. Qh4 Qa5
15. Rd1 Rad8 16. a3 Be7 17. b4 Qf5 18. Bd3 Qh5 19. Qxh5 Nxh5 20. Rb1 g6 21. Be2
Ng7 22. g4 Rd7 23. b5 axb5 24. cxb5 Rfd8 25. Bb2 cxb5 26. Bxb5 Rc7 27. Rbc1
Rdc8 28. Bd7 Rxc1 29. Rxc1 Rxc1+ 30. Bxc1 Kf8 31. a4 Bb4 32. Bc8 b6 33. Be3 Ke7
34. Kg2 Ba5 35. Kf3 Ne8 36. Kf4 f6 37. h4 Nc7 38. Bb7 Nd5+ 39. Bxd5 exd5 40. g5
Ke6 41. Kg4 f5+ 42. Kf3 Bc3 43. Ke2 Kd7 44. Kd3 Ba5 45. Bd2 Kc6 46. Bc3 Kd6
1/2-1/2

[Event "6. Torneo IRT Móstoles 2013"]
[Site "Madrid ESP"]
[Date "2013.07.21"]
[Round "6.6"]
[White "Gonzalez, Mateos Rafael"]
[Black "Angelina Vela, Carlos"]
[Result "0-1"]
[WhiteElo "2053"]
[BlackElo "1987"]
[PlyCount "38"]
[EventDate "2013.07.16"]
[EventType "swiss"]
[EventRounds "9"]
[EventCountry "ESP"]
[Source "lmi"]
[SourceDate "2013.07.15"]

1. d4 d5 2. c3 Nf6 3. Bg5 Nbd7 4. Nf3 g6 5. Nbd2 Bg7 6. Qc2 O-O 7. e3 Re8 8.
Be2 e5 9. dxe5 Nxe5 10. Nxe5 Rxe5 11. Nf3 Re8 12. O-O c6 13. Rfd1 Qb6 14. Qb3
Ne4 15. Bf4 Nc5 16. Qxb6 axb6 17. a3 Ra4 18. Nd4 Ne6 19. Bg3 Nxd4 0-1

[Event "6. Torneo IRT Móstoles 2013"]
[Site "Madrid ESP"]
[Date "2013.07.21"]
[Round "6.7"]
[White "Aziz Ortego, Omar Luis"]
[Black "Fernandez Garcia, Javier"]
[Result "0-1"]
[WhiteElo "2045"]
[BlackElo "1980"]
[PlyCount "84"]
[EventDate "2013.07.16"]
[EventType "swiss"]
[EventRounds "9"]
[EventCountry "ESP"]
[Source "lmi"]
[SourceDate "2013.07.15"]

1. e4 e6 2. d4 d5 3. Bd3 Nf6 4. e5 Nfd7 5. Nd2 c5 6. c3 Nc6 7. Ne2 cxd4 8. cxd4
f6 9. exf6 Nxf6 10. O-O Bd6 11. Nf3 Qc7 12. Bg5 O-O 13. Rc1 Ng4 14. h3 Rxf3 15.
hxg4 Rf8 16. Qc2 h6 17. Bd2 Qe7 18. g3 e5 19. Bh7+ Kh8 20. dxe5 Nxe5 21. Nf4
Nf3+ 22. Kg2 Bxf4 23. Bxf4 Bxg4 24. Qd3 Ne5 25. Bxe5 Bf3+ 26. Qxf3 Rxf3 27.
Rfe1 Qf8 28. Rc7 Rxf2+ 29. Kg1 Rf7 30. Rxf7 Qxf7 31. Bc2 Rf8 32. Bd4 Qf3 33.
Kh2 Qh5+ 34. Kg2 Re8 35. Bd1 Qg6 36. Be5 d4 37. Ba4 Re7 38. Bb3 d3 39. Bd5 d2
40. Rf1 Re8 41. Bc3 Re2+ 42. Kf3 Qd3+ 0-1